LEADER 08168nam 22007935 450 001 996211262403316 005 20200630021104.0 010 $a3-319-14717-X 024 7 $a10.1007/978-3-319-14717-8 035 $a(CKB)3710000000325061 035 $a(SSID)ssj0001408167 035 $a(PQKBManifestationID)11888729 035 $a(PQKBTitleCode)TC0001408167 035 $a(PQKBWorkID)11346128 035 $a(PQKB)10759149 035 $a(DE-He213)978-3-319-14717-8 035 $a(MiAaPQ)EBC6287488 035 $a(MiAaPQ)EBC5587439 035 $a(Au-PeEL)EBL5587439 035 $a(OCoLC)899498616 035 $a(PPN)183152646 035 $a(EXLCZ)993710000000325061 100 $a20141217d2014 u| 0 101 0 $aeng 135 $aurnn#008mamaa 181 $ctxt 182 $cc 183 $acr 200 10$aAdvanced Data Mining and Applications$b[electronic resource] $e10th International Conference, ADMA 2014, Guilin, China, December 19-21, 2014, Proceedings /$fedited by Xudong Luo, Jeffrey Xu Yu, Zhi Li 205 $a1st ed. 2014. 210 1$aCham :$cSpringer International Publishing :$cImprint: Springer,$d2014. 215 $a1 online resource (XVI, 741 p. 298 illus.) 225 1 $aLecture Notes in Artificial Intelligence ;$v8933 300 $aBibliographic Level Mode of Issuance: Monograph 311 $a3-319-14716-1 327 $aData Mining -- A New Improved Apriori Algorithm Based on Compression Matrix -- FHN: Efficient Mining of High-Utility Itemsets with Negative Unit Profits -- Novel Concise Representations of High Utility Itemsets Using Generator Patterns -- Incrementally Updating High-Utility Itemsets with Transaction Insertion -- Mining Frequent Closed Sequential Patterns with Non-user-defined Gap Constraints -- High Utility Episode Mining Made Practical and Fast -- Social Network and Social Media -- Community Dynamics: Event and Role Analysis in Social Network Analysis -- Local Community Extraction for Non-overlapping and Overlapping Community Detection -- Discovery of Tampered Image with Robust Hashing -- TweeProfiles: Detection of Spatio-temporal Patterns on Twitter -- Real-Time Event Detection Based on Geo Extraction and Temporal Analysis -- An Automatic Unsupervised Method Based on Context-Sensitive Spectral Angle Mapper for Change Detection of Remote Sensing Images -- Recommend System -- A Personalized Travel System Based on Crowdsourcing Model -- Difference Factor? KNN Collaborative Filtering Recommendation Algorithm -- A Reputation-Enhanced Recommender System -- An Empirical Methodology to Analyze the Behavior of Bagging -- Context-Aware Recommendation Using GPU Based Parallel Tensor Decomposition -- Location-Based Recommendation Using Incremental Tensor Factorization Model -- Database Mining Continuous Activity Patterns from Animal Trajectory Data -- Personalized Privacy Protection for Transactional Data -- A Hybrid Algorithm for Privacy Preserving Social Network Publication -- Achieving Absolute Privacy Preservation in Continuous Query Road Network Services -- A C-DBSCAN Algorithm for Determining Bus-Stop Locations Based on Taxi GPS Data -- A Secure and Efficient Privacy-Preserving Attribute Matchmaking Protocol in Proximity-Based Mobile Social Networks -- Dimensionality Reduction -- A New Filter Approach Based on Generalized Data Field -- A Stable Instance Based Filter for Feature Selection in Small Sample Size Data Sets -- Multi-label Feature Selection via Information Gain -- Efficient kNN Algorithm Based on Graph Sparse Reconstruction -- On Dynamic Selection of Subspace for Random Forest -- Dimensionally Reduction: An Experimental Study -- Advance Machine Learning Techniques -- Efficient Deep Learning Algorithm with Accelerating Inference Strategy -- Multi-angle Evaluations of Test Cases Based on Dynamic Analysis -- An Interest-Based Clustering Method for Web Information Visualization -- A Serial Sample Selection Framework for Active Learning -- Map Matching for Taxi GPS Data with Extreme Learning Machine -- A Segment-Wise Method for Pseudo Periodic Time Series Prediction -- Classification -- Constructing Decision Trees for Unstructured Data -- Attack Type Prediction Using Hybrid Classifier -- kNN Algorithm with Data-Driven k Value -- Topology Potential-Based Parameter Selecting for Support Vector Machine -- Active Multi-label Learning with Optimal Label Subset Selection -- Merging Decision Trees: A Case Study in Predicting Student Performance -- Big Data and Applications -- Faster MaxScore Query Processing with Essential List Skipping -- Selecting Representative Objects from Large Database by Using K-Skyband and Top-k Dominating Queries in MapReduce Environment -- Towards Positive Unlabeled Learning for Parallel Data Mining: A Random Forest Framework -- Program Verification by Reachability Searching over Dynamic Call Tree -- CinHBa: A Secondary Index with Hotscore Caching Policy on Key-Value Data Store -- Towards Ontology-Enhanced Cloud Services Discovery -- Clustering Methods -- A Huffman Tree-Based Algorithm for Clustering Documents. -Improved Spectral Clustering Algorithm Based on Similarity Measure -- A Partition Clustering Algorithm for Transaction Database Based on FCM -- Machine Learning -- Discernibility Matrix Enriching and Boolean-And Algorithm for Attributes Reduction -- Smart Partitioning for Product DSM Model Based on Improved Genetic Algorithm -- A New Method for Image Understanding and Retrieval Using Text-Mined Knowledge -- A Web Table Extraction Method Based on Structure and Ontology -- Data Mining and Database -- Block Nested Join and Sort Merge Join Algorithms: An Empirical Evaluation -- The Design of Power Security System in Smart Home Based on the Stream Data Mining -- Agent-Based Privacy Aware Feedback System. 330 $aThis book constitutes the proceedings of the 10th International Conference on Advanced Data Mining and Applications, ADMA 2014, held in Guilin, China during December 2014. The 48 regular papers and 10 workshop papers presented in this volume were carefully reviewed and selected from 90 submissions. They deal with the following topics: data mining, social network and social media, recommend systems, database, dimensionality reduction, advance machine learning techniques, classification, big data and applications, clustering methods, machine learning, and data mining and database. 410 0$aLecture Notes in Artificial Intelligence ;$v8933 606 $aArtificial intelligence 606 $aData mining 606 $aInformation storage and retrieval 606 $aApplication software 606 $aDatabase management 606 $aArtificial Intelligence$3https://scigraph.springernature.com/ontologies/product-market-codes/I21000 606 $aData Mining and Knowledge Discovery$3https://scigraph.springernature.com/ontologies/product-market-codes/I18030 606 $aInformation Storage and Retrieval$3https://scigraph.springernature.com/ontologies/product-market-codes/I18032 606 $aInformation Systems Applications (incl. Internet)$3https://scigraph.springernature.com/ontologies/product-market-codes/I18040 606 $aDatabase Management$3https://scigraph.springernature.com/ontologies/product-market-codes/I18024 615 0$aArtificial intelligence. 615 0$aData mining. 615 0$aInformation storage and retrieval. 615 0$aApplication software. 615 0$aDatabase management. 615 14$aArtificial Intelligence. 615 24$aData Mining and Knowledge Discovery. 615 24$aInformation Storage and Retrieval. 615 24$aInformation Systems Applications (incl. Internet). 615 24$aDatabase Management. 676 $a006.3 702 $aLuo$b Xudong$4edt$4http://id.loc.gov/vocabulary/relators/edt 702 $aYu$b Jeffrey Xu$4edt$4http://id.loc.gov/vocabulary/relators/edt 702 $aLi$b Zhi$4edt$4http://id.loc.gov/vocabulary/relators/edt 801 0$bMiAaPQ 801 1$bMiAaPQ 801 2$bMiAaPQ 906 $aBOOK 912 $a996211262403316 996 $aAdvanced Data Mining and Applications$9771989 997 $aUNISA LEADER 01175nam0-22003011i-450 001 990005324340403321 005 20230331122512.0 035 $a000532434 035 $aFED01000532434 035 $a(Aleph)000532434FED01 035 $a000532434 100 $a19990530d1978----km-y0itay50------ba 101 0 $ager 105 $ay-------001yy 200 1 $a<>Wandmalerei der römischen Villa von Druten und die Fragen der Felderdekoration in den europäischen römischen Provinzen, W.J.èh. Peters, L.J.F. Swinkels$fund E.M. Moormann 210 $as.l.$cs.e.$d[1978] 215 $aP.153-197$d26 cm 300 $aSonderdruck aus: Berichten van de Rijsdienst Voor het Oudheidkundig Bodemonderzoer, Jahrgang 28, 1978 700 1$aPeters,$bW.J.tH.$0162871 702 1$aMoormann,$bEric M. 702 1$aSwinkels,$bL.J.F. 801 0$aIT$bUNINA$gRICA$2UNIMARC 901 $aLG 912 $a990005324340403321 952 $aOPUSC. 14 (01)$bARCH. 18921$fFLFBC 959 $aFLFBC 996 $aWandmalerei der römischen Villa von Druten und die Fragen der Felderdekoration in den europäischen römischen Provinzen, W.J.èh. Peters, L.J.F. Swinkels$9597051 997 $aUNINA LEADER 02527nam 2200685 450 001 9910786327503321 005 20230403051322.0 010 $a1-4426-9952-3 010 $a1-4426-9951-5 024 7 $a10.3138/9781442699519 035 $a(CKB)2670000000277853 035 $a(EBL)3282939 035 $a(SSID)ssj0000799014 035 $a(PQKBManifestationID)11501277 035 $a(PQKBTitleCode)TC0000799014 035 $a(PQKBWorkID)10764100 035 $a(PQKB)11704893 035 $a(MiAaPQ)EBC4673028 035 $a(CEL)439898 035 $a(OCoLC)818015844 035 $a(CaBNVSL)slc00230891 035 $a(MiAaPQ)EBC3282939 035 $a(DE-B1597)483179 035 $a(OCoLC)1004870908 035 $a(DE-B1597)9781442699519 035 $a(Au-PeEL)EBL4673028 035 $a(CaPaEBR)ebr11258677 035 $a(OCoLC)1374245250 035 $a(MdBmJHUP)musev2_105921 035 $a(EXLCZ)992670000000277853 100 $a20160926h20122012 uy 0 101 0 $aeng 135 $aur|n|---||||| 181 $ctxt 182 $cc 183 $acr 200 14$aThe pleasant nights$hVolume 1 /$fGiovan Francesco Straparola ; edited with introduction and commentaries by Donald Beecher ; translated by W.G. Waters, thoroughly revised and corrected by the editor 210 1$aToronto, [Ontario] ;$aBuffalo, [New York] ;$aLondon, [England] :$cUniversity of Toronto Press,$d2012. 210 4$d©2012 215 $a1 online resource (773 p.) 225 1 $aLorenzo Da Ponte Italian Library 300 $aTranslation of: Le piacevoli notti. 311 0 $a1-4426-4426-5 320 $aIncludes bibliographical references. 327 $aIntroduction -- Appendices -- The Pleasant Nights, Volume I. The First Night; The Second Night; The Third Night; The Fourth Night; The Fifth Night. 330 $aImmensely entertaining and readable, The Pleasant Nights will appeal to anyone interested in fairy tales, ancient stories, and folk creations. 410 0$aLorenzo da Ponte Italian library series. 606 $aLITERARY CRITICISM / European / Italian$2bisacsh 615 7$aLITERARY CRITICISM / European / Italian. 676 $a853/.3 700 $aStraparola$b Giovanni Francesco$f1480-1557,$0168869 702 $aBeecher$b Donald 702 $aWaters$b W. G$g(William George),$f1844-1928, 801 0$bMiAaPQ 801 1$bMiAaPQ 801 2$bMiAaPQ 906 $aBOOK 912 $a9910786327503321 996 $aThe pleasant nights$93703921 997 $aUNINA